<?xml version="1.0" encoding="UTF-8"?><?xml-stylesheet type="text/xsl" href="static/style.xsl"?><OAI-PMH xmlns="http://www.openarchives.org/OAI/2.0/" xmlns:xsi="http://www.w3.org/2001/XMLSchema-instance" xsi:schemaLocation="http://www.openarchives.org/OAI/2.0/ http://www.openarchives.org/OAI/2.0/OAI-PMH.xsd"><responseDate>2026-04-17T13:00:15Z</responseDate><request verb="GetRecord" identifier="oai:www.recercat.cat:10256/25482" metadataPrefix="marc">https://recercat.cat/oai/request</request><GetRecord><record><header><identifier>oai:recercat.cat:10256/25482</identifier><datestamp>2024-10-29T21:04:46Z</datestamp><setSpec>com_2072_452955</setSpec><setSpec>com_2072_2054</setSpec><setSpec>col_2072_452961</setSpec></header><metadata><record xmlns="http://www.loc.gov/MARC21/slim" xmlns:dcterms="http://purl.org/dc/terms/" xmlns:xsi="http://www.w3.org/2001/XMLSchema-instance" xmlns:doc="http://www.lyncode.com/xoai" xsi:schemaLocation="http://www.loc.gov/MARC21/slim http://www.loc.gov/standards/marcxml/schema/MARC21slim.xsd">
   <leader>00925njm 22002777a 4500</leader>
   <datafield ind2=" " ind1=" " tag="042">
      <subfield code="a">dc</subfield>
   </datafield>
   <datafield ind2=" " ind1=" " tag="720">
      <subfield code="a">Alsina, Àngel</subfield>
      <subfield code="e">author</subfield>
   </datafield>
   <datafield ind2=" " ind1=" " tag="720">
      <subfield code="a">Bosch, Ester</subfield>
      <subfield code="e">author</subfield>
   </datafield>
   <datafield ind2=" " ind1=" " tag="260">
      <subfield code="c">2024-10-01</subfield>
   </datafield>
   <datafield ind2=" " ind1=" " tag="520">
      <subfield code="a">Algebra is the standard of content that, historically and erroneously, has been associated exclusively with symbolism and abstraction. Its recent incorporation into the early childhood and primary school curricula responds to the need to progressively develop the algebraic sense from the earliest ages, so that citizens mobilise mental skills such as structuring, organisation, ordering, prediction, generalisation..., all of which are essential both for understanding mathematics and the world in general. With the aim of helping early childhood teachers to achieve this important challenge, the first part of this article describes the important knowledge for developing algebraic sense; and, in the second part, a selection of ten essential manipulative materials is presented, based on criteria of content, pedagogical purposes and type of material. For each material, various activities are described by age: 3-6 years; 6-8 years; 8-10 years; 10-12 years</subfield>
   </datafield>
   <datafield ind2=" " ind1=" " tag="520">
      <subfield code="a">A álgebra é o bloco de conteúdo que, histórica e erroneamente, tem sido associado exclusivamente  ao  simbolismo  e  à  abstração.  Sua  recente incorporação  aos  currículos  da educação  infantil  e  do  ensino  fundamental  responde  à  necessidade  de  desenvolver progressivamente  o  senso  algébrico  desde  as  primeiras  idades,  para  que  os  cidadãos mobilizem   habilidades   mentais   como   estruturação,   organização, ordenação,   previsão, generalização..., todas elas essenciais para a compreensão da matemática e do mundo em geral. A fim de ajudar os professores da primeira infância a alcançar esse importante desafio, a primeira parte deste artigo descreve os conhecimentos importantes para o desenvolvimento do  senso  algébrico;  e,  na  segunda  parte,  é  apresentada  uma  seleção  de  dez  materiais manipulativos essenciais, com base em critérios de conteúdo, propósitos didáticos e tipo de material. Para cada material, as atividades são descritas por grupo etário: 3-6 anos; 6-8 anos; 8-10 anos; 10-12 anos</subfield>
   </datafield>
   <datafield ind2=" " ind1=" " tag="520">
      <subfield code="a">El álgebra es el estándar de contenidos que, históricamente y de manera errónea, se ha asociado exclusivamente al simbolismo y a la abstracción. Su reciente incorporación en los currículos de infantil y primaria responde a la necesidad de desarrollar progresivamente el sentido  algebraico  desde  las  primeras  edades,  para  que  la  ciudadanía  movilice  habilidades mentales   como   la   estructuración,   la   organización,   la   ordenación,   la   predicción,   la generalización...,  todas  ellas  imprescindibles  tanto  para  la  comprensión  de  las  matemáticas como del mundo en general. Con el propósito de ayudar al profesorado de las primeras etapas a  conseguir  este  reto  tan  relevante,  en  la  primera  parte  de  este  artículo  se  describen  los conocimientos importantes para desarrollar el sentido algebraico; y, en la segunda parte, se presenta  una  selección  de  diez  materiales  manipulativos  esenciales,  a  partir  de  criterios  de contenido,  de  finalidades  didácticas  y  de  tipo  de  material.  Para  cada  material,  se  describen diversas actividades por grupos de edad: 3-6 años; 6-8 años; 8-10 años; 10-12 años</subfield>
   </datafield>
   <datafield ind1="8" ind2=" " tag="024">
      <subfield code="a">http://hdl.handle.net/10256/25482</subfield>
   </datafield>
   <datafield tag="653" ind2=" " ind1=" ">
      <subfield code="a">Àlgebra -- Ensenyament -- Educació infantil</subfield>
   </datafield>
   <datafield tag="653" ind2=" " ind1=" ">
      <subfield code="a">Algebra -- Study and teaching (Preschool)</subfield>
   </datafield>
   <datafield tag="653" ind2=" " ind1=" ">
      <subfield code="a">Àlgebra -- Ensenyament -- Educació primària</subfield>
   </datafield>
   <datafield tag="653" ind2=" " ind1=" ">
      <subfield code="a">Algebra -- Study and teaching (Primary)</subfield>
   </datafield>
   <datafield tag="653" ind2=" " ind1=" ">
      <subfield code="a">Didàctica</subfield>
   </datafield>
   <datafield tag="653" ind2=" " ind1=" ">
      <subfield code="a">Teaching</subfield>
   </datafield>
   <datafield ind2="0" ind1="0" tag="245">
      <subfield code="a">Álgebra en infantil y primaria: diez materiales manipulativos esenciales para desarrollar el sentido algebraico.</subfield>
   </datafield>
</record></metadata></record></GetRecord></OAI-PMH>